00418nam a22001457a 450000500170000000800410001702000130005804100120007108200120008310000450009524500350014026000460017530000250022165000260024620250318074939.0250318b |||||||| |||| 00| 0 eng d a02582503 aEnglish a349 SOU aGlover GcBA LLB PhD (Rhodes)lEnglish  aThe South African Law Journal  aCape Town: bJuta and Company Ltd, c2025 b205 pages; c26 cm.  aLegal practice bLaw